Statistieken voor Fast-food restaurants

Klik hier om de quiz te nemen!

Algemene statistieken

  • Deze quiz is 63 keer genomen
  • De gemiddelde score is 5 van 7

Antwoordstatistieken

HintAntwood% Correct
1MC Donalds
98%
2KFC
94%
3Burger King
92%
6Subway
65%
7Pizza Hut
51%
4Taco Bell
39%
5Starbucks
22%

Scoreverdeling

Percentiel versus Aantal Correcte Antwoorden

Procent van Mensen met Elke Score

Uw Scoregeschiedenis

U heeft deze quiz nog niet genomen